Història dels hospitals de Catalunya / Jacint Reventós i Conti
Descripción Física:
v. ; il. ; 31 cm
Materias:
Hospitals -- Catalunya -- Història
MARC
| LEADER | 00000nam a2200000Ia 4500 | ||
|---|---|---|---|
| 001 | 15280, 15501 | ||
| 008 | 160829s9999 xx 000 0 cat d | ||
| 080 | |a FOL-2-58, FOL-2-60 | ||
| 100 | |a Reventós, Jacint |9 23509 | ||
| 245 | |a Història dels hospitals de Catalunya / Jacint Reventós i Conti | ||
| 260 | |a [Barcelona] : |b Diputació de Barcelona, Xarxa de Municipis, [199 - ?] - 2003 | ||
| 300 | |a v. ; |c il. ; |c 31 cm | ||
| 590 | |a Els editors varien. | ||
| 590 | |a Conté: v. 4: Els Hospitals del Vallès i del Maresme; v. 8: Els Hospitals de Barcelona i del Barcelonès. | ||
| 590 | |a Hi ha un duplicat del v. 4 a: DUP-70 | ||
| 650 | |a Hospitals |x Catalunya |x Història |9 39613 | ||
| 710 | 1 | |a Barcelona (Catalunya : Província). |b Diputació |9 52408 | |
| 901 | |a Arxiu | ||
| 942 | |n 1 | ||
| 952 | |0 0 |1 0 |4 0 |6 FOL258_FOL260 |7 1 |9 49119 |a Arxiu |b Arxiu |d 2016-12-01 |l 0 |o FOL-2-58, FOL-2-60 |p 15280, 15501 |r 2016-12-01 00:00:00 |w 2016-12-01 |y ARXIU | ||
| 999 | |c 52957 |d 52957 | ||